196 Countries in 196 Seconds - Statistics

General Stats
  • This quiz has been taken 79 times
  • The average score is 85 of 196
Answers on the Map
Answers color-coded by a green-red scale on the quiz's map according to % correct below.
 
Answer Stats
Country % Correct
Canada
94%
Mexico
94%
United States
91%
Russia
87%
Brazil
85%
China
85%
Chile
81%
United Kingdom
81%
India
79%
Argentina
77%
Spain
77%
France
74%
Iceland
74%
Italy
74%
Japan
72%
Norway
72%
Finland
70%
Iran
70%
Portugal
70%
Australia
68%
Denmark
68%
Germany
68%
Sweden
68%
Iraq
66%
Ukraine
66%
Ireland
64%
Cuba
62%
Mongolia
62%
North Korea
62%
Peru
62%
Uruguay
62%
Colombia
60%
Ecuador
60%
Egypt
60%
Haiti
60%
Panama
60%
Poland
60%
South Korea
60%
Turkey
60%
Austria
58%
Dominican Republic
58%
Paraguay
58%
Venezuela
58%
Bolivia
57%
Indonesia
57%
Pakistan
57%
Saudi Arabia
57%
Estonia
55%
Oman
55%
Democratic Republic of the Congo
53%
Israel
53%
Kazakhstan
53%
Vietnam
53%
Algeria
51%
Belarus
51%
Belgium
51%
Guyana
51%
Jamaica
51%
Laos
51%
Libya
51%
Morocco
51%
Yemen
51%
Greece
49%
Latvia
49%
Romania
49%
South Africa
49%
Bahamas
47%
Guatemala
47%
Honduras
47%
Madagascar
47%
Mali
47%
Netherlands
47%
Serbia
47%
Suriname
47%
Thailand
47%
Nepal
45%
New Zealand
45%
Belize
43%
Chad
43%
Costa Rica
43%
Philippines
43%
Slovakia
43%
Switzerland
43%
United Arab Emirates
43%
Afghanistan
42%
Cambodia
42%
Central African Republic
42%
Fiji
42%
Jordan
42%
Kenya
42%
Myanmar
42%
Papua New Guinea
42%
Sudan
42%
Andorra
40%
Bhutan
40%
Bulgaria
40%
Czech Republic
40%
Malaysia
40%
Malta
40%
Nicaragua
40%
Croatia
38%
El Salvador
38%
Ethiopia
38%
Hungary
38%
Lithuania
38%
Republic of the Congo
38%
Sri Lanka
38%
Taiwan
38%
Tunisia
38%
Albania
36%
Benin
36%
Bosnia and Herzegovina
36%
Dominica
36%
Georgia
36%
Ghana
36%
Lesotho
36%
Niger
36%
Nigeria
36%
Syria
36%
Armenia
34%
Azerbaijan
34%
Bangladesh
34%
Eritrea
34%
Qatar
34%
Saint Kitts and Nevis
34%
Slovenia
34%
South Sudan
34%
Tonga
34%
Tuvalu
34%
Angola
32%
Barbados
32%
Kuwait
32%
Lebanon
32%
Luxembourg
32%
Malawi
32%
Monaco
32%
Samoa
32%
Togo
32%
Antigua and Barbuda
30%
East Timor
30%
Kosovo
30%
Mauritania
30%
Mozambique
30%
Namibia
30%
Saint Vincent and the Grenadines
30%
San Marino
30%
Somalia
30%
Zambia
30%
Bahrain
28%
Brunei
28%
Cyprus
28%
Gabon
28%
Liberia
28%
Moldova
28%
Palau
28%
Saint Lucia
28%
Senegal
28%
Tanzania
28%
Uganda
28%
Federated States of Micronesia
26%
Gambia
26%
Grenada
26%
Guinea
26%
Kiribati
26%
Liechtenstein
26%
Rwanda
26%
Seychelles
26%
Tajikistan
26%
Uzbekistan
26%
Vatican City
26%
Burundi
25%
Cape Verde
25%
São Tomé and Príncipe
25%
Eswatini
25%
Maldives
25%
Mauritius
25%
Nauru
25%
North Macedonia
25%
Singapore
25%
Turkmenistan
25%
Vanuatu
25%
Cameroon
23%
Comoros
23%
Kyrgyzstan
23%
Montenegro
23%
Trinidad and Tobago
23%
Djibouti
21%
Guinea-Bissau
21%
Solomon Islands
21%
Zimbabwe
21%
Botswana
19%
Marshall Islands
19%
Ivory Coast
17%
Burkina Faso
15%
Equatorial Guinea
13%
Sierra Leone
11%
No matching quizzes found
Score Distribution
Percent of People with Each Score
Percentile by Number Answered
Your Score History
You have not taken this quiz